Statistics for Groups of Four - Missing Item

Click here to take the quiz!

General Stats

  • This quiz has been taken 115 times
  • The average score is 10 of 20

Answer Stats

HintAnswer% Correct
Autumn, Summer, WinterSpring
96%
East, North, WestSouth
95%
Air, Fire, WaterEarth
92%
Down, Left, UpRight
91%
Clubs, Hearts, SpadesDiamonds
84%
England, Scotland, WalesNorthern Ireland
84%
Alto, Bass, SopranoTenor
71%
Breaststroke, Butterfly, FreestyleBackstroke
69%
Lincoln, Roosevelt, Washington
Jefferson
58%
Gas, Liquid, SolidPlasma
57%
Death, Pestilence, War
Famine
52%
Black, Cyan, MagentaYellow
44%
Laa-Laa, Po, Tinky-WinkyDipsy
29%
Hokkaido, Honshu, Shikoku
Kyushu
26%
Cytosine, Guanine, ThymineAdenine
20%
Europa, Ganymede, IoCallisto
19%
Atmosphere, Biosphere, LithosphereHydrosphere
9%
Price, Product, Promotion
Place
8%
Attack, Sustain, ReleaseDecay
4%
Cups, Pentacles, Swords
Wands
3%

Score Distribution

Percentile by Number Answered

Percent of People with Each Score

Your Score History

You have not taken this quiz